Major North American Sports Team To Never Win A Championship - Statistics

General Stats
  • This quiz has been taken 43 times
  • The average score is 22 of 37
Answer Stats
Hint Answer % Correct
NFL: Cincinnati Bengals
76%
NFL: Detroit Lions
76%
NFL: Houston Texans
76%
NHL: Winnipeg Jets
76%
NFL: Cleveland Browns
72%
NFL: Jacksonville Jaguars
72%
NFL: Minnesota Vikings
72%
NFL: Arizona Cardinals
69%
NHL: Vancouver Canucks
69%
NFL: Buffalo Bills
66%
NBA: Indiana Pacers
66%
NFL: Tennessee Titans
66%
NBA: Brooklyn Nets
62%
NHL: Minnesota Wild
62%
NBA: New Orleans Pelicans
62%
NHL: Seattle Kraken
62%
NBA: Utah Jazz
62%
NFL: Atlanta Falcons
59%
NFL: Carolina Panthers
59%
NBA: Charlotte Hornets
59%
NHL: Columbus Blue Jackets
59%
NBA: Minnesota Timberwolves
59%
NHL: Ottawa Senators
59%
NHL: San Jose Sharks
59%
MLB: Seattle Mariners
59%
MLB: Tampa Bay Rays
59%
NFL: Los Angeles Chargers
55%
NBA: Orlando Magic
55%
NHL: Buffalo Sabres
52%
NBA: Los Angeles Clippers
52%
MLB: San Diego Padres
52%
MLB: Colorado Rockies
48%
MLB: Milwaukee Brewers
48%
NHL: Nashville Predators
48%
NBA: Phoenix Suns
48%
NBA: Memphis Grizzlies
45%
NHL: Utah Hockey Club
45%
No matching quizzes found
Score Distribution
Percent of People with Each Score
Percentile by Number Answered
Your Score History
You have not taken this quiz